Statistics for Bunker Hill Characters Fallout 4

Click here to take the quiz!

General Stats

  • This quiz has been taken 12 times
  • The average score is 3 of 7

Answer Stats

HintAnswer% Correct
Works with the RailroadOld Man Stockton
70%
Merchant who sells the Wastelanders FriendDeb
60%
The bartender of Bunker HillJoe Savoldi
50%
The first person you see when you enter Bunker HillKessler
50%
Gives you a tourMeg
50%
Rents rooms son of #2Tony Savoldi
40%
The doctor of the townKay
20%

Score Distribution

Percentile by Number Answered

Percent of People with Each Score

Your Score History

You have not taken this quiz